| Tag |
First Indicator |
Second Indicator |
Subfields |
| LEADER |
00000cam a2200000 a 4500 |
| 001 |
in00000515744 |
| 005 |
20151013074021.0 |
| 008 |
830509s1982 nz af b 00110beng |
| 010 |
|
|
|a 83146674
|
| 020 |
|
|
|a 0196480191
|
| 035 |
|
|
|a (OCoLC)10403251
|
| 035 |
|
|
|9 ACE6309AM
|
| 039 |
0 |
|
|a 2
|b 3
|c 3
|d 3
|e 3
|
| 040 |
|
|
|a DLC
|c DLC
|d TXA
|d UtOrBLW
|
| 043 |
|
|
|a u-nz---
|
| 049 |
|
|
|a TXAM
|
| 050 |
0 |
0 |
|a DU430.A8
|b C357 1982
|
| 082 |
0 |
|
|a 993.12/2
|a B
|2 19
|
| 100 |
1 |
|
|a Stone, R. C. J.
|
| 245 |
1 |
0 |
|a Young Logan Campbell /
|c R.C.J. Stone.
|
| 264 |
|
1 |
|a [Auckland] :
|b Auckland University Press :
|b Oxford University Press,
|c 1982.
|
| 300 |
|
|
|a 287 pages, 24 unnumbered pages of plates :
|b illustrations ;
|c 24 cm.
|
| 336 |
|
|
|a text
|b txt
|2 rdacontent
|
| 337 |
|
|
|a unmediated
|b n
|2 rdamedia
|
| 338 |
|
|
|a volume
|b nc
|2 rdacarrier
|
| 500 |
|
|
|a Includes index.
|
| 504 |
|
|
|a Bibliography: pages 273-280.
|
| 600 |
1 |
0 |
|a Campbell, John Logan,
|d 1817-1912.
|
| 651 |
|
0 |
|a Auckland (N.Z.)
|x Biography.
|
| 999 |
|
|
|a MARS
|
| 999 |
f |
f |
|s 3e64092d-9166-3f94-87db-83c92101f836
|i 0704625f-5c88-306b-85a2-515dc73f04b1
|t 0
|
| 952 |
f |
f |
|p ric
|a Texas A&M University
|b Rellis Campus
|c Joint Library Facility
|d Remote Storage
|t 0
|e DU430.A8 C357 1982
|h Library of Congress classification
|i unmediated -- volume
|m A14807885791
|
| 998 |
f |
f |
|a DU430.A8 C357 1982
|t 0
|l Remote Storage
|